[Event "Gran Canaria op"]
[Site "Gran Canaria"]
[Date "1989.??.??"]
[Round "?"]
[White "Hernandez, Jesus"]
[Black "Rodriguez Vila, Andres"]
[Result "1/2-1/2"]
[WhiteElo "2305"]
[BlackElo "2310"]
[PlyCount "47"]
[EventDate "1989.??.??"]
[EventType "swiss"]
[EventRounds "11"]
[EventCountry "ESP"]
[SourceTitle "EXT 1997"]
[Source "ChessBase"]
[SourceDate "1996.11.15"]
[SourceVersion "1"]
[SourceVersionDate "1996.11.15"]
[SourceQuality "1"]

1. d4 Nf6 2. Nf3 d5 3. c4 e6 4. g3 c6 5. Bg2 Bd6 6. O-O Nbd7 7. b3 Qe7 8. Bb2
e5 9. cxd5 cxd5 10. dxe5 Nxe5 11. Nc3 Be6 12. Nb5 Ned7 13. a4 O-O 14. Nxd6 Qxd6
15. Ba3 Nc5 16. b4 Ncd7 17. Qd4 Rfc8 18. Rfc1 Qb6 19. a5 Qxd4 20. Nxd4 Ne5 21.
Rxc8+ Rxc8 22. Nb5 Rc2 23. Nxa7 Nc4 24. Bf1 1/2-1/2

[Event "Gran Canaria op"]
[Site "Gran Canaria"]
[Date "1989.??.??"]
[Round "?"]
[White "Martin Del Campo C, Jorge"]
[Black "Rodriguez Vila, Andres"]
[Result "1-0"]
[WhiteElo "2220"]
[BlackElo "2310"]
[PlyCount "63"]
[EventDate "1989.??.??"]
[EventType "swiss"]
[EventRounds "11"]
[EventCountry "ESP"]
[SourceTitle "EXT 1997"]
[Source "ChessBase"]
[SourceDate "1996.11.15"]
[SourceVersion "1"]
[SourceVersionDate "1996.11.15"]
[SourceQuality "1"]

1. c4 e5 2. Nc3 Nf6 3. g3 Bb4 4. Bg2 O-O 5. a3 Bxc3 6. bxc3 Nc6 7. e4 d6 8. h3
Be6 9. d3 Ne7 10. f4 exf4 11. gxf4 g6 12. Nf3 Nh5 13. O-O f5 14. Ng5 Bd7 15. e5
dxe5 16. fxe5 f4 17. e6 Bc6 18. Bxc6 Nxc6 19. Nf7 Qh4 20. Qg4 Qg3+ 21. Qxg3
Nxg3 22. Re1 Nh5 23. d4 Na5 24. c5 Kg7 25. d5 Rae8 26. Kf2 Nc4 27. d6 cxd6 28.
Nxd6 Nxd6 29. cxd6 Nf6 30. d7 Re7 31. a4 Nxd7 32. Ba3 1-0

[Event "Seville op"]
[Site "Seville"]
[Date "1989.??.??"]
[Round "?"]
[White "Rodriguez Vila, Andres"]
[Black "Levitt, Jonathan"]
[Result "1/2-1/2"]
[WhiteElo "2310"]
[BlackElo "2495"]
[PlyCount "22"]
[EventDate "1989.??.??"]
[EventType "swiss"]
[EventRounds "9"]
[EventCountry "ESP"]
[SourceTitle "EXT 1997"]
[Source "ChessBase"]
[SourceDate "1996.11.15"]
[SourceVersion "1"]
[SourceVersionDate "1996.11.15"]
[SourceQuality "1"]

1. Nf3 e6 2. g3 d5 3. Bg2 g6 4. d3 Bg7 5. O-O Ne7 6. Nc3 d4 7. Na4 O-O 8. c4 a5
9. a3 Na6 10. Bd2 c5 11. Qb3 Nc6 1/2-1/2

[Event "Wch U20"]
[Site "Tunja"]
[Date "1989.??.??"]
[Round "2"]
[White "Rodriguez Vila, Andres"]
[Black "Kontic, Vladimir"]
[Result "0-1"]
[WhiteElo "2295"]
[BlackElo "2395"]
[PlyCount "78"]
[EventDate "1989.08.??"]
[EventType "swiss"]
[EventRounds "13"]
[EventCountry "COL"]
[SourceTitle "TD"]
[Source "ChessBase"]
[SourceDate "1994.03.01"]
[SourceVersion "1"]
[SourceVersionDate "1994.03.01"]
[SourceQuality "1"]

1. e4 e6 2. d4 d5 3. Nd2 Bd6 4. Ngf3 c5 5. exd5 exd5 6. c3 Nf6 7. Bd3 cxd4 8.
Nxd4 Qc7 9. O-O O-O 10. h3 Nc6 11. N2f3 h6 12. Nf5 Bc5 13. Nxg7 Kxg7 14. Bxh6+
Kh8 15. Ng5 Ne5 16. Re1 Bxf2+ 17. Kxf2 Nfg4+ 18. hxg4 Nxg4+ 19. Kf1 Qb6 20. Qd2
Qxh6 21. Nf3 Qh1+ 22. Ng1 Rg8 23. g3 Nh2+ 24. Kf2 Ng4+ 25. Kf1 Bd7 26. Re2 Raf8
27. Qf4 Re8 28. Rae1 Re6 29. Qd4+ Rf6+ 30. Rf2 Qh6 31. Rxf6 Nxf6 32. Re3 Rg4
33. Qe5 Kg7 34. Rf3 Rg5 35. Qe7 Bg4 36. Rf4 Be6 37. Rf3 Re5 38. Qc7 Bh3+ 39.
Kf2 Ng4# 0-1

[Event "Wch U20"]
[Site "Tunja"]
[Date "1989.??.??"]
[Round "4"]
[White "Rodriguez Vila, Andres"]
[Black "Manor, Ilan"]
[Result "1-0"]
[WhiteElo "2295"]
[BlackElo "2445"]
[PlyCount "85"]
[EventDate "1989.08.??"]
[EventType "swiss"]
[EventRounds "13"]
[EventCountry "COL"]
[SourceTitle "TD"]
[Source "ChessBase"]
[SourceDate "1994.03.01"]
[SourceVersion "1"]
[SourceVersionDate "1994.03.01"]
[SourceQuality "1"]

1. e4 c5 2. Nf3 Nc6 3. d4 cxd4 4. Nxd4 Nf6 5. Nc3 e5 6. Ndb5 d6 7. Nd5 Nxd5 8.
exd5 Ne7 9. c4 Nf5 10. Bd3 g6 11. O-O a6 12. Nc3 Bg7 13. Qa4+ Bd7 14. Qb4 O-O
15. Ne4 a5 16. Qa3 Re8 17. Bg5 f6 18. Be3 Bf8 19. Bb6 Qxb6 20. Nxf6+ Kf7 21.
Nxd7 Qb4 22. Bxf5 gxf5 23. Qh3 Bg7 24. Qxh7 f4 25. a3 Qxb2 26. Rab1 Qd4 27.
Rxb7 Re7 28. Qh5+ Kg8 29. Qg5 Kf7 30. Qh5+ Kg8 31. Rd1 Qc3 32. Rdb1 Rd8 33. Qg6
e4 34. Qxd6 Ree8 35. Qxf4 e3 36. fxe3 Rxe3 37. Rf1 Re4 38. Qf5 Qxc4 39. h3 Qc8
40. Nf6+ Bxf6 41. Qg6+ Bg7 42. Rff7 Qc5+ 43. Kh2 1-0

[Event "Wch U20"]
[Site "Tunja"]
[Date "1989.??.??"]
[Round "6"]
[White "Rodriguez Vila, Andres"]
[Black "Wessman, Richard"]
[Result "1/2-1/2"]
[WhiteElo "2295"]
[BlackElo "2370"]
[PlyCount "87"]
[EventDate "1989.08.??"]
[EventType "swiss"]
[EventRounds "13"]
[EventCountry "COL"]
[SourceTitle "TD"]
[Source "ChessBase"]
[SourceDate "1994.03.01"]
[SourceVersion "1"]
[SourceVersionDate "1994.03.01"]
[SourceQuality "1"]

1. e4 e5 2. Nc3 Nf6 3. g3 Bc5 4. Bg2 Nc6 5. d3 h6 6. Nge2 a6 7. O-O d6 8. h3
Qe7 9. Nd5 Nxd5 10. exd5 Nd4 11. Be3 Nxe2+ 12. Qxe2 Bxe3 13. Qxe3 O-O 14. d4
Bf5 15. dxe5 Qxe5 16. Qxe5 dxe5 17. Rfe1 Rfe8 18. c4 Rad8 19. g4 Bd3 20. Rac1
e4 21. Rc3 g6 22. Bf1 Bxf1 23. Kxf1 f5 24. gxf5 gxf5 25. Ke2 f4 26. Rg1+ Kh7
27. Rg4 Rf8 28. Rc1 Rf7 29. Rd1 Re8 30. d6 cxd6 31. Rxd6 e3 32. fxe3 Re5 33. b3
Rg5 34. Rd5 Rgf5 35. b4 h5 36. Rg5 Rxg5 37. Rxg5 Kh6 38. Rd5 Kg6 39. c5 Rg7 40.
a4 Kf6 41. b5 axb5 42. axb5 Rg2+ 43. Kd1 Rg1+ 44. Ke2 1/2-1/2

[Event "Wch U20"]
[Site "Tunja"]
[Date "1989.??.??"]
[Round "8"]
[White "Rodriguez Vila, Andres"]
[Black "Koch, Jean Rene"]
[Result "1/2-1/2"]
[WhiteElo "2295"]
[BlackElo "2420"]
[PlyCount "94"]
[EventDate "1989.08.??"]
[EventType "swiss"]
[EventRounds "13"]
[EventCountry "COL"]
[SourceTitle "TD"]
[Source "ChessBase"]
[SourceDate "1994.03.01"]
[SourceVersion "1"]
[SourceVersionDate "1994.03.01"]
[SourceQuality "1"]

1. e4 c5 2. Nf3 d6 3. d4 cxd4 4. Nxd4 Nf6 5. Nc3 g6 6. g3 Bg7 7. Bg2 O-O 8. O-O
Bg4 9. Nde2 Qc8 10. Bg5 Nc6 11. Nd5 Nxd5 12. exd5 Nd4 13. f3 Bxf3 14. Bxf3
Nxf3+ 15. Rxf3 Qg4 16. Rb3 Qxg5 17. c3 b6 18. Nf4 Rac8 19. Rb4 Be5 20. Qd3 Bxf4
21. Rxf4 e5 22. dxe6 Qc5+ 23. Qd4 fxe6 24. Qxc5 bxc5 25. Ra4 Rc7 26. Ra6 Rd7
27. Rd1 Rfd8 28. b3 Kf7 29. Rc6 Ke7 30. Kg2 Rf8 31. Rd2 Rf5 32. c4 Re5 33. Kf3
Re1 34. Kf2 Ra1 35. Kf3 Kf6 36. h4 h5 37. Ke4 Re1+ 38. Kf3 Ke5 39. Rxc5+ dxc5
40. Rxd7 a5 41. Ra7 Kd4 42. Rxa5 Re3+ 43. Kf2 Rc3 44. Ra6 Rc2+ 45. Kf3 Rc3+ 46.
Kf2 Rc2+ 47. Kf3 Rc3+ 1/2-1/2

[Event "Wch U20"]
[Site "Tunja"]
[Date "1989.??.??"]
[Round "9"]
[White "Rodriguez Vila, Andres"]
[Black "Spasov, Vasil"]
[Result "0-1"]
[WhiteElo "2295"]
[BlackElo "2430"]
[PlyCount "56"]
[EventDate "1989.08.??"]
[EventType "swiss"]
[EventRounds "13"]
[EventCountry "COL"]
[SourceTitle "TD"]
[Source "ChessBase"]
[SourceDate "1994.03.01"]
[SourceVersion "1"]
[SourceVersionDate "1994.03.01"]
[SourceQuality "1"]

1. e4 c5 2. Nf3 Nc6 3. d4 cxd4 4. Nxd4 Nf6 5. Nc3 e5 6. Nde2 Bc5 7. Be3 Bxe3 8.
fxe3 O-O 9. Ng3 d6 10. Qd2 Qb6 11. O-O-O Be6 12. Nd5 Bxd5 13. exd5 Nb4 14. Bc4
Rfc8 15. Qe2 Nxc2 16. Nf5 Rc7 17. Kxc2 Qb4 18. Kb1 Rxc4 19. Nxd6 Rg4 20. h3 Rg5
21. Nc4 b5 22. Na3 Qe4+ 23. Qd3 Rxg2 24. d6 a6 25. Qxe4 Nxe4 26. d7 Rd8 27. Nc2
Nd2+ 28. Kc1 Rxd7 0-1

[Event "Wch U20"]
[Site "Tunja"]
[Date "1989.??.??"]
[Round "11"]
[White "Rodriguez Vila, Andres"]
[Black "Huda, Rehan"]
[Result "1/2-1/2"]
[WhiteElo "2295"]
[BlackElo "2230"]
[PlyCount "76"]
[EventDate "1989.08.??"]
[EventType "swiss"]
[EventRounds "13"]
[EventCountry "COL"]
[SourceTitle "TD"]
[Source "ChessBase"]
[SourceDate "1994.03.01"]
[SourceVersion "1"]
[SourceVersionDate "1994.03.01"]
[SourceQuality "1"]

1. e4 c5 2. Nf3 e6 3. d4 cxd4 4. Nxd4 Nf6 5. Nc3 d6 6. g4 Be7 7. Bg2 Nc6 8. h3
O-O 9. O-O a6 10. a4 h6 11. Nb3 Na5 12. Nxa5 Qxa5 13. Bd2 Qc7 14. a5 Bd7 15.
Be3 Bc6 16. h4 d5 17. exd5 Nxd5 18. Nxd5 Bxd5 19. Bxd5 exd5 20. g5 hxg5 21.
hxg5 Bc5 22. Bxc5 Qxc5 23. Ra2 d4 24. Qg4 Rae8 25. Ra3 Qxc2 26. Qxd4 Qe4 27.
Qxe4 Rxe4 28. f4 Rd8 29. Rb3 Rd7 30. Rb6 Kf8 31. b3 Ke7 32. b4 Kd8 33. b5 axb5
34. Rxb5 Ra4 35. Kg2 Kc7 36. Kg3 Kb8 37. Rf3 Ka7 38. Rfb3 g6 1/2-1/2

[Event "Buenos Aires op"]
[Site "Buenos Aires"]
[Date "1990.??.??"]
[Round "1"]
[White "Rodriguez Vila, Andres"]
[Black "Tempone, Marcelo"]
[Result "0-1"]
[WhiteElo "2330"]
[BlackElo "2390"]
[PlyCount "84"]
[EventDate "1990.??.??"]
[EventType "swiss"]
[EventRounds "11"]
[EventCountry "ARG"]
[SourceTitle "EXT 1997"]
[Source "ChessBase"]
[SourceDate "1996.11.15"]
[SourceVersion "1"]
[SourceVersionDate "1996.11.15"]
[SourceQuality "1"]

1. e4 d5 2. exd5 Qxd5 3. Nc3 Qa5 4. Nf3 Nf6 5. d4 c6 6. Bc4 Bg4 7. O-O e6 8.
Re1 Be7 9. h3 Bxf3 10. Qxf3 Nbd7 11. Bf4 O-O 12. Rad1 Rfe8 13. a3 Nd5 14. b4
Qd8 15. Be5 a5 16. b5 Nxe5 17. dxe5 Qc7 18. bxc6 bxc6 19. Rd4 Red8 20. Rg4 Nxc3
21. Qxc3 Qb6 22. Qg3 g6 23. Ree4 Rd1+ 24. Kh2 Qb1 25. Qf3 Rh1+ 26. Kg3 Rf8 27.
Ref4 Qe1 28. Re4 Qg1 29. Qe3 h5 30. Rg5 Qc1 31. Kf4 Bxg5+ 32. Kxg5 Kg7 33. Bb3
Rd8 34. Qxc1 Rxc1 35. g4 hxg4 36. hxg4 Rd2 37. f3 Rf2 38. Re3 Rcf1 39. Kf4 g5+
40. Ke4 Rd1 41. Ba4 c5 42. c3 Ra1 0-1

[Event "Wch U20"]
[Site "Santiago de Chile"]
[Date "1990.??.??"]
[Round "2"]
[White "Rodriguez Vila, Andres"]
[Black "Djurhuus, Rune"]
[Result "1/2-1/2"]
[WhiteElo "2330"]
[BlackElo "2400"]
[PlyCount "109"]
[EventDate "1990.08.??"]
[EventType "swiss"]
[EventRounds "13"]
[EventCountry "CHI"]
[SourceTitle "EXT 1997"]
[Source "ChessBase"]
[SourceDate "1996.11.15"]
[SourceVersion "1"]
[SourceVersionDate "1996.11.15"]
[SourceQuality "1"]

1. e4 e6 2. d4 d5 3. Nd2 c5 4. Ngf3 cxd4 5. exd5 Qxd5 6. Bc4 Qd6 7. O-O Nf6 8.
Nb3 Nc6 9. Nbxd4 Nxd4 10. Qxd4 a6 11. a4 Bd7 12. Be3 Qxd4 13. Bxd4 Rc8 14. Bb3
Bc5 15. Rfd1 Ke7 16. Ne5 Rhd8 17. Nxd7 Bxd4 18. Nxf6 Bxf6 19. c3 Rxd1+ 20. Rxd1
Rc6 21. Ba2 Rb6 22. Rd2 Bg5 23. Rc2 Rd6 24. g3 Rd1+ 25. Kg2 Ra1 26. b4 Rc1 27.
Rxc1 Bxc1 28. Bb1 f5 29. b5 a5 30. Kf3 g5 31. g4 Kf6 32. Bd3 b6 33. h3 Bb2 34.
c4 Bd4 35. Bb1 Bc5 36. gxf5 exf5 37. Bc2 h5 38. Kg2 Ke5 39. Bd1 h4 40. Be2 Kd4
41. Bd1 f4 42. Kf1 Kd3 43. Bh5 Kd2 44. Bf3 Bd6 45. Bh5 Kc3 46. Bd1 Kd3 47. Bf3
Kxc4 48. Bd1 Kb4 49. Kg2 Bc5 50. Kf1 f3 51. Kg1 Bd6 52. Kf1 Bh2 53. Ke1 Be5 54.
Kf1 Bd4 55. Kg1 1/2-1/2

[Event "Wch U20"]
[Site "Santiago de Chile"]
[Date "1990.??.??"]
[Round "4"]
[White "Rodriguez Vila, Andres"]
[Black "Comas Fabrego, Luis"]
[Result "0-1"]
[WhiteElo "2330"]
[BlackElo "2350"]
[PlyCount "80"]
[EventDate "1990.08.??"]
[EventType "swiss"]
[EventRounds "13"]
[EventCountry "CHI"]
[SourceTitle "EXT 1997"]
[Source "ChessBase"]
[SourceDate "1996.11.15"]
[SourceVersion "1"]
[SourceVersionDate "1996.11.15"]
[SourceQuality "1"]

1. e4 e6 2. d4 d5 3. Nd2 dxe4 4. Nxe4 Nd7 5. Nf3 Ngf6 6. Nxf6+ Nxf6 7. Bg5 c5
8. dxc5 Qa5+ 9. c3 Qxc5 10. Bd3 Be7 11. O-O Bd7 12. Be3 Qc7 13. Bd4 O-O 14. Qc2
h6 15. Rfe1 Rfd8 16. Qe2 Be8 17. Rad1 Rac8 18. Bb1 b5 19. Qc2 Kf8 20. h3 b4 21.
Ne5 bxc3 22. Bxc3 Rxd1 23. Rxd1 Bd6 24. Qe2 Nd5 25. Bd4 f6 26. Ng4 Nf4 27. Qa6
Bc6 28. Bxa7 Ra8 29. g3 Rxa7 30. Qf1 Nd5 31. Qd3 h5 32. Ne3 Bc5 33. Qh7 Bxe3
34. Qh8+ Kf7 35. Qxh5+ Ke7 36. Qg4 Bh6 37. Re1 e5 38. Qd4 Ra4 39. Qd1 Kf8 40.
Be4 Nc3 0-1

[Event "Wch U20"]
[Site "Santiago de Chile"]
[Date "1990.??.??"]
[Round "6"]
[White "Rodriguez Vila, Andres"]
[Black "Egger Mancilla, Jorge Alejandro"]
[Result "1-0"]
[WhiteElo "2330"]
[BlackElo "2325"]
[PlyCount "81"]
[EventDate "1990.08.??"]
[EventType "swiss"]
[EventRounds "13"]
[EventCountry "CHI"]
[SourceTitle "EXT 1997"]
[Source "ChessBase"]
[SourceDate "1996.11.15"]
[SourceVersion "1"]
[SourceVersionDate "1996.11.15"]
[SourceQuality "1"]

1. e4 e5 2. Nf3 Nc6 3. Bb5 a6 4. Ba4 Nf6 5. d3 b5 6. Bb3 Bb7 7. Nc3 Be7 8. a4
b4 9. Nd5 O-O 10. a5 Nd4 11. Nxe7+ Qxe7 12. Nxd4 exd4 13. O-O d5 14. f3 h6 15.
Re1 dxe4 16. fxe4 Rad8 17. Bf4 Bc8 18. Bc4 g5 19. Bd2 Ng4 20. e5 Nxe5 21. Qh5
Qf6 22. Rxe5 Qxe5 23. Bxb4 c5 24. Re1 Qg7 25. Bxc5 Rfe8 26. Rf1 Be6 27. Bxa6
Ra8 28. Bb5 Reb8 29. Bb6 Qe5 30. Bc6 Bd5 31. Bxa8 Rxa8 32. Qg4 Qe3+ 33. Kh1 Re8
34. Bxd4 Qd2 35. h4 f5 36. Qg3 Re2 37. Qb8+ Kf7 38. Qc7+ Re7 39. Qg3 gxh4 40.
Rxf5+ Ke8 41. Qb8+ 1-0

[Event "Wch U20"]
[Site "Santiago de Chile"]
[Date "1990.??.??"]
[Round "11"]
[White "Rodriguez Vila, Andres"]
[Black "Gdanski, Jacek"]
[Result "1/2-1/2"]
[WhiteElo "2330"]
[BlackElo "2430"]
[PlyCount "109"]
[EventDate "1990.08.??"]
[EventType "swiss"]
[EventRounds "13"]
[EventCountry "CHI"]
[SourceTitle "EXT 1997"]
[Source "ChessBase"]
[SourceDate "1996.11.15"]
[SourceVersion "1"]
[SourceVersionDate "1996.11.15"]
[SourceQuality "1"]

1. e4 e6 2. d4 d5 3. Nd2 Nf6 4. e5 Nfd7 5. c3 c5 6. Bd3 Nc6 7. Ne2 cxd4 8. cxd4
Qb6 9. Nf3 f6 10. exf6 Nxf6 11. O-O Bd6 12. a3 O-O 13. b4 e5 14. dxe5 Nxe5 15.
Nxe5 Bxe5 16. Be3 Qd6 17. Bc5 Bxh2+ 18. Kh1 Qe5 19. Bxf8 Qh5 20. Ng3 Qh4 21.
Nf5 Bxf5 22. Bxf5 Be5+ 23. Bh3 Bxa1 24. Bxg7 Kxg7 25. Qxa1 Re8 26. Kg1 Re2 27.
Qc1 Kg6 28. Qc8 Qe4 29. Qxb7 d4 30. Qb5 d3 31. Bc8 Qd5 32. Qxd5 Nxd5 33. Rd1 d2
34. Kf1 Nc3 35. Ba6 Rxf2+ 36. Kxf2 Nxd1+ 37. Ke2 Ne3 38. Kxd2 Nxg2 39. Bd3+ Kf6
40. Bxh7 Ke5 41. Kc3 Nf4 42. Kc4 Kd6 43. Kb5 Kc7 44. Ka6 Kb8 45. b5 Nd5 46. Be4
Nc3 47. Bc6 Nb1 48. a4 Nc3 49. Ka5 Kc7 50. Bf3 Na2 51. Ka6 Kb8 52. b6 Nb4+ 53.
Kb5 Nd3 54. Bg2 axb6 55. Kxb6 1/2-1/2

[Event "Wch U20"]
[Site "Santiago de Chile"]
[Date "1990.??.??"]
[Round "13"]
[White "Kosashvili, Yona"]
[Black "Rodriguez Vila, Andres"]
[Result "1-0"]
[WhiteElo "2470"]
[BlackElo "2330"]
[PlyCount "71"]
[EventDate "1990.08.??"]
[EventType "swiss"]
[EventRounds "13"]
[EventCountry "CHI"]
[SourceTitle "EXT 1997"]
[Source "ChessBase"]
[SourceDate "1996.11.15"]
[SourceVersion "1"]
[SourceVersionDate "1996.11.15"]
[SourceQuality "1"]

1. e4 e6 2. d4 d5 3. Nd2 Nf6 4. Bd3 c5 5. e5 Nfd7 6. c3 Nc6 7. Ne2 cxd4 8. cxd4
f6 9. exf6 Nxf6 10. Nf3 Bd6 11. O-O Qc7 12. Bg5 O-O 13. Rc1 Bd7 14. Nc3 a6 15.
Re1 Ng4 16. g3 h6 17. Be3 Rf6 18. Bb1 Be8 19. Nd2 Bh5 20. Nf1 Nxe3 21. Qxh5
Nxf1 22. Rxf1 Qb6 23. Rcd1 Qxb2 24. Ne2 Bc7 25. Rd3 Rf5 26. Qg6 Qxe2 27. Re3
Qh5 28. Qxe6+ Rf7 29. Bg6 Qxg6 30. Qxg6 Nxd4 31. Rd1 Nf5 32. Rf3 Raf8 33. Qe6
Kh8 34. Qxd5 Bb6 35. Rb1 Rf6 36. Rxb6 1-0

[Event "Buenos Aires TB VI"]
[Site "Buenos Aires"]
[Date "1991.??.??"]
[Round "1"]
[White "Rodriguez Vila, Andres"]
[Black "Peralta, Eduardo"]
[Result "1/2-1/2"]
[WhiteElo "2320"]
[BlackElo "2210"]
[PlyCount "72"]
[EventDate "1991.??.??"]
[EventType "tourn"]
[EventRounds "11"]
[EventCountry "ARG"]
[EventCategory "3"]
[SourceTitle "EXT 2002"]
[Source "ChessBase"]
[SourceDate "2001.11.25"]
[SourceVersion "1"]
[SourceVersionDate "2001.11.25"]
[SourceQuality "1"]

1. e4 c5 2. Nf3 d6 3. d4 cxd4 4. Nxd4 Nf6 5. Nc3 g6 6. g3 Bg7 7. Bg2 O-O 8. O-O
Nc6 9. Nde2 Rb8 10. a4 b6 11. Nd5 Bb7 12. c3 Qd7 13. Bg5 Nxd5 14. exd5 Ne5 15.
Nd4 e6 16. Qb3 Rfe8 17. Rfd1 h6 18. Bf4 Kh7 19. Nb5 exd5 20. Bxd5 Nf3+ 21. Kg2
Qg4 22. Bxb7 Rxb7 23. Qd5 Nh4+ 24. Kh1 Rbe7 25. Bxd6 Re4 26. Qd3 Re3 27. Qd5
R8e4 28. gxh4 Qf3+ 29. Kg1 Re1+ 30. Rxe1 Rxe1+ 31. Rxe1 Qxd5 32. Bg3 f5 33. Re7
Kg8 34. Re8+ Kh7 35. Re7 Kg8 36. Re8+ Kh7 1/2-1/2

[Event "Buenos Aires TB VI"]
[Site "Buenos Aires"]
[Date "1991.??.??"]
[Round "2"]
[White "Adla, Diego Gustavo"]
[Black "Rodriguez Vila, Andres"]
[Result "1-0"]
[WhiteElo "2435"]
[BlackElo "2320"]
[PlyCount "99"]
[EventDate "1991.??.??"]
[EventType "tourn"]
[EventRounds "11"]
[EventCountry "ARG"]
[EventCategory "3"]
[SourceTitle "EXT 2002"]
[Source "ChessBase"]
[SourceDate "2001.11.25"]
[SourceVersion "1"]
[SourceVersionDate "2001.11.25"]
[SourceQuality "1"]

1. e4 d5 2. exd5 Qxd5 3. Nc3 Qa5 4. Nf3 Nf6 5. d4 Bg4 6. h3 Bh5 7. g4 Bg6 8.
Ne5 e6 9. Bg2 c6 10. O-O Nbd7 11. Qe2 Bb4 12. Bf4 Nxe5 13. Bxe5 O-O-O 14. Nd1
h5 15. Ne3 hxg4 16. hxg4 Rh7 17. c3 Be7 18. a4 Nd5 19. Nxd5 exd5 20. b4 Qb6 21.
a5 Qb5 22. Qxb5 cxb5 23. Rfe1 Bd3 24. a6 Bg5 25. f4 Bh4 26. Re3 Bc4 27. g5 bxa6
28. Rxa6 Kb7 29. Rd6 Rxd6 30. Bxd6 Kc6 31. Bf8 g6 32. Be7 Rh8 33. Bc5 Ra8 34.
Bh3 a5 35. Re7 axb4 36. Bd7+ Kc7 37. Bxb5+ Kc8 38. Bxc4 dxc4 39. Bxb4 f5 40.
gxf6 Bxf6 41. Re6 Bh4 42. Rxg6 Kd7 43. Kg2 Be1 44. Rd6+ Kc7 45. Re6 Rg8+ 46.
Kf1 Bd2 47. f5 Rg5 48. Re5 Kd7 49. Ke2 Bf4 50. Rd5+ 1-0

[Event "Buenos Aires TB VI"]
[Site "Buenos Aires"]
[Date "1991.??.??"]
[Round "3"]
[White "Rodriguez Vila, Andres"]
[Black "Rosito, Jorge"]
[Result "1/2-1/2"]
[WhiteElo "2320"]
[BlackElo "2330"]
[PlyCount "22"]
[EventDate "1991.??.??"]
[EventType "tourn"]
[EventRounds "11"]
[EventCountry "ARG"]
[EventCategory "3"]
[SourceTitle "EXT 2002"]
[Source "ChessBase"]
[SourceDate "2001.11.25"]
[SourceVersion "1"]
[SourceVersionDate "2001.11.25"]
[SourceQuality "1"]

1. e4 e5 2. Nf3 Nc6 3. Bb5 a6 4. Ba4 Nf6 5. d4 exd4 6. O-O Be7 7. Re1 b5 8. e5
Nxe5 9. Rxe5 d6 10. Re1 bxa4 11. Bg5 c5 1/2-1/2

[Event "Buenos Aires TB VI"]
[Site "Buenos Aires"]
[Date "1991.??.??"]
[Round "4"]
[White "Elters, Antoine"]
[Black "Rodriguez Vila, Andres"]
[Result "0-1"]
[WhiteElo "2225"]
[BlackElo "2320"]
[PlyCount "122"]
[EventDate "1991.??.??"]
[EventType "tourn"]
[EventRounds "11"]
[EventCountry "ARG"]
[EventCategory "3"]
[SourceTitle "EXT 2002"]
[Source "ChessBase"]
[SourceDate "2001.11.25"]
[SourceVersion "1"]
[SourceVersionDate "2001.11.25"]
[SourceQuality "1"]

1. e4 c5 2. Nf3 Nc6 3. d4 cxd4 4. Nxd4 g6 5. c4 Bg7 6. Be3 Nf6 7. Nc3 O-O 8.
Be2 b6 9. O-O Bb7 10. f3 d6 11. Qd2 Qb8 12. Nxc6 Bxc6 13. Bh6 Bxh6 14. Qxh6 e6
15. Rad1 Rd8 16. Rd4 a6 17. Rfd1 e5 18. R4d2 b5 19. Qe3 b4 20. Nb1 Ba4 21. b3
Bc6 22. c5 d5 23. exd5 Nxd5 24. Qe4 f5 25. Qh4 Qb7 26. Bc4 Kg7 27. Qe1 Kf6 28.
Qh4+ Kg7 29. g4 Rd7 30. gxf5 Rad8 31. Qe4 Nf6 32. Qxe5 Bxf3 33. Rxd7+ Rxd7 34.
Rd6 Rxd6 35. cxd6 Be4 36. Nd2 Bxf5 37. Qe7+ Qxe7 38. dxe7 a5 39. Nf3 Bb1 40.
Ng5 Bxa2 41. Kf1 a4 42. Ne4 Ne8 43. Bb5 Kf7 44. Bxa4 Bb1 45. Ng5+ Kxe7 46. Nxh7
Nc7 47. Ng5 Na6 48. Ke2 Nc5 49. Kd2 Kd6 50. Kc1 Bf5 51. Nf3 Kd5 52. Kb2 Nd3+
53. Ka2 Ke4 54. Bc6+ Ke3 55. Ng5 Kd2 56. Nf3+ Kc3 57. Bd5 Nc1+ 58. Ka1 Nxb3+
59. Bxb3 Kxb3 60. h4 Kc3 61. h5 b3 0-1

[Event "Buenos Aires TB VI"]
[Site "Buenos Aires"]
[Date "1991.??.??"]
[Round "6"]
[White "Bonatti, Walter Fabian"]
[Black "Rodriguez Vila, Andres"]
[Result "0-1"]
[WhiteElo "2245"]
[BlackElo "2320"]
[PlyCount "62"]
[EventDate "1991.??.??"]
[EventType "tourn"]
[EventRounds "11"]
[EventCountry "ARG"]
[EventCategory "3"]
[SourceTitle "EXT 2002"]
[Source "ChessBase"]
[SourceDate "2001.11.25"]
[SourceVersion "1"]
[SourceVersionDate "2001.11.25"]
[SourceQuality "1"]

1. e4 e6 2. d4 d5 3. e5 c5 4. c3 Nc6 5. Nf3 Bd7 6. Be2 f6 7. O-O fxe5 8. Nxe5
Nxe5 9. dxe5 Bc6 10. c4 Ne7 11. Bg4 Qd7 12. cxd5 Nxd5 13. Nc3 Be7 14. Nxd5 Bxd5
15. f4 O-O 16. Qc2 g6 17. Be3 Qc6 18. Rac1 c4 19. Bf3 Bxf3 20. Rxf3 b5 21. Bf2
Rac8 22. a3 Rc7 23. Be1 Rd7 24. a4 a6 25. axb5 axb5 26. Rd1 Rxd1 27. Qxd1 Qe4
28. Qc1 Rd8 29. Bf2 Qe2 30. Re3 Rd1+ 31. Be1 Bc5 0-1

[Event "Buenos Aires TB VI"]
[Site "Buenos Aires"]
[Date "1991.??.??"]
[Round "7"]
[White "Rodriguez Vila, Andres"]
[Black "Fraschini, Mariano"]
[Result "1/2-1/2"]
[WhiteElo "2320"]
[BlackElo "2350"]
[PlyCount "76"]
[EventDate "1991.??.??"]
[EventType "tourn"]
[EventRounds "11"]
[EventCountry "ARG"]
[EventCategory "3"]
[SourceTitle "EXT 2002"]
[Source "ChessBase"]
[SourceDate "2001.11.25"]
[SourceVersion "1"]
[SourceVersionDate "2001.11.25"]
[SourceQuality "1"]

1. e4 c5 2. Nf3 Nc6 3. d4 cxd4 4. Nxd4 e5 5. Nb5 d6 6. c4 Be7 7. N1c3 a6 8. Na3
Be6 9. Be2 Bg5 10. O-O h6 11. Nc2 Nge7 12. Bxg5 hxg5 13. Qd2 Ng6 14. Rfd1 Nf4
15. Nd5 g4 16. Nxf4 Qh4 17. h3 exf4 18. Qxf4 g5 19. Qe3 O-O-O 20. Nd4 Nxd4 21.
Rxd4 gxh3 22. g3 h2+ 23. Kh1 Qh6 24. c5 Bh3 25. Bf1 Bxf1 26. Rxf1 dxc5 27.
Rxd8+ Rxd8 28. Qxc5+ Kb8 29. Rc1 Qf6 30. Kxh2 g4 31. Kg1 Qxb2 32. a4 Re8 33.
Qc7+ Ka8 34. a5 Qe5 35. Qxf7 Qxe4 36. Qd7 Rh8 37. Rc8+ Rxc8 38. Qxc8+ Ka7
1/2-1/2